000 00432nam a2200181Ia 4500
008 240925s9999 xx 000 0 und d
020 _aNA
082 _a621.317 SIN
100 _aSingh , S.K
245 0 _aPower Electronics
250 _aNA
260 _aNew Delhi:
_bTata McGraw Hill
_c,2003.
300 _axii,434p.
_bNA
_fOriginal
500 _aNA
600 _aElectronic Engineering
650 _aTechnology
942 _cBK
999 _c7816
_d7816